Music Quiz

Random Music or Song Quiz

1985 Bands (Bowling for Soup) Quiz Stats

 Plays Quiz Updated Feb 9, 2012

Score 0/12 Timer 02:00
1 Play Today
Band or artist % Correct
Madonna
89.6%
U2
80.7%
Nirvana
78.9%
Blondie
75.1%
Bruce Springsteen
70.1%
Whitesnake
55.6%
Van Halen
41.3%
Ozzy Osbourne
39.9%
Duran Duran
39.4%
Mötley Crüe
38.3%
Wham!
31.2%
Limp Bizkit
29.6%

You're not logged in!

Compare scores with friends on all Sporcle quizzes.
OR
Log In

Sporcle TV

Today on Sporcle TV


Watch our educational content, quiz creation guides, and fun videos on Sporcle TV.

Show Comments

Extras

Top Quizzes Today


Score Distribution

Your Account Isn't Verified!

In order to create a playlist on Sporcle, you need to verify the email address you used during registration. Go to your Sporcle Settings to finish the process.

Report this User

Report this user for behavior that violates our Community Guidelines.

Details: